000 00305nam a22001337a 4500
008 170802b xxu||||| |||| 00| 0 eng d
020 _a731864 3195
041 _aeng
080 _a004
100 _a32
101 _aSHK
245 _aOBJECT-ORIENTED ANALYSIS AND SIMULATION
_cHILL,D.R
942 _2udc
_cBK
999 _c22534
_d22534